000 00429nam a22001457a 4500
003 SGT
082 _a650.1PAL
100 _aDR. SATPAL
245 _aSELF EMPLOYMENT (A ROAD TO PRIDE AND PROGRESS
260 _aROHTAK
_bVIDYA PUBLICATIONS
300 _a159
650 _aMANAGEMENT(PERSONAL SUCCESS IN BUSINESS
653 _aMINISTER EMPLOYMENT GENERATION PROGRAMME , EMPLOYMENT SCHEMES FOR BACKWARD CLASSES
942 _2ddc
_cFCM
999 _c9350
_d9350